000 00534nam a2200181 i 4500
001 60956
003 ES-MaACL
005 20230906164335.0
007 t|
008 031107s1981 sp ||||1| spa d
245 0 4 _aLos estudios de arquitectos técnicos.
260 _aMadrid :
_bFundación Universidad Empresa,
_c1981.
300 _a102 p., LXIV ;
_c24 cm.
490 1 _aMonografias profesionales ;
_v34
830 0 _aMonografias profesionales ;
_v34
_9182734
852 _aES-MaACL
_jL-1403
_bR.102343
999 _c60956
_d60956